banner koha

Factors influencing early natural regeneration in areas under passive restoration in Araucaria Forest, southern Brazil (Registro n. 339478)

MARC details
000 -LÍDER
fixed length control field 04253nab a2200349 i 4500
003 - CÓDIGO MARC DA AGÊNCIA CATALOGADORA
Campo de controle BR-BrBNA
005 - DATA E HORA DA ÚLTIMA ATUALIZAÇÃO
Campo de controle 20251217175228.0
008 - CAMPO DE TAMANHO FIXO
fixed length control field 251217b2024 bl.ar|pooa||| 00| 0 eng |
040 ## - FONTE DA CATALOGAÇÃO
Agência catalogadora BR-BrBNA
Idioma da catalogação eng
072 ## - CATEGORIA AGRIS
Código AGRIS K10
072 ## - CATEGORIA AGRIS
Código AGRIS F70
072 ## - CATEGORIA AGRIS
Código AGRIS F40
100 ## - ENTRADA PRINCIPAL - NOME PESSOAL
Nome pessoal Fockink, Guilherme Diego
100 ## - ENTRADA PRINCIPAL - NOME PESSOAL
Nome pessoal Zangalli, Charline
100 ## - ENTRADA PRINCIPAL - NOME PESSOAL
Nome pessoal Oliveira, Emanoéli de
100 ## - ENTRADA PRINCIPAL - NOME PESSOAL
Nome pessoal Ferreira, Nataniele Maria
100 ## - ENTRADA PRINCIPAL - NOME PESSOAL
Nome pessoal Jesus, Leonardo dos Santos de
100 ## - ENTRADA PRINCIPAL - NOME PESSOAL
Nome pessoal Rovedder, Ana Paula Moreira
100 ## - ENTRADA PRINCIPAL - NOME PESSOAL
Nome pessoal Nicoletti, Marcos Felipe
100 ## - ENTRADA PRINCIPAL - NOME PESSOAL
Nome pessoal Kanieski, Maria Raquel
245 ## - TÍTULO PRINCIPAL
Título principal Factors influencing early natural regeneration in areas under passive restoration in Araucaria Forest, southern Brazil
500 ## - NOTA GERAL
Nota geral Publicação on-line; 43 ref.; 1 table; 2 illus.; Summaries (En, Pt)
942 ## - ADDED ENTRY ELEMENTS (KOHA)
Koha item type Analítica
520 ## - NOTA DE RESUMO
Nota de conteúdo <br/><br/>Abstract<br/><br/>Passive restoration is widely adopted in restoration areas previously used by pine plantations. However, little is<br/>known about which environmental factors influence the initial natural regeneration in these areas. Our objective<br/>was to relate environmental variables to the floristic-structural patterns of early natural regeneration in areas<br/>under passive restoration post-harvest of Pinus taeda. We related natural regeneration data with vegetation and<br/>soil variables obtained in 19 plots (100 m²). The ordering of the floristic-structural data of natural regeneration<br/>was carried out by NMDS (Non-Metric Multidimensional Scaling) analysis, and the significant variables (p <<br/>0.05) were plotted a posteriori. The results indicate that soil conditions are adequate for natural regeneration<br/>development in the study areas. The variables pH, clay, and canopy cover showed a relationship with the<br/>floristic-structural composition of the initial natural regeneration. These findings indicated a gradient of texture<br/>and acidity and a successional gradient among the sites. In general, tree species show an association with sites<br/>containing high canopy cover and soils of greater acidity and clay content. On the other hand, pioneer-shrub<br/>species predominate in sites with low canopy cover and soils that are less clayey and acidic.<br/><br/>Key words: canopy cover, floristic, soil variables, successional gradient.<br/><br/><br/><br/><br/>Resumo<br/><br/>A restauração passiva é amplamente utilizada para restauração de áreas anteriormente ocupadas por plantações<br/>de pinus. No entanto, pouco se sabe sobre quais fatores ambientais influenciam a regeneração natural inicial<br/>nessas áreas. Nosso objetivo foi relacionar variáveis ambientais com os padrões florístico-estruturais de<br/>regeneração natural inicial em áreas sob restauração passiva pós-colheita de Pinus taeda. Relacionamos dados<br/>de regeneração natural com variáveis de vegetação e solo obtidas em 19 parcelas (100 m²). A ordenação<br/>dos dados florístico-estruturais da regeneração natural foi realizada pela análise NMDS (Non-Metric<br/>Multidimensional Scaling), e as variáveis significativas (p < 0,05) foram plotadas a posteriori. Os resultados<br/>indicam que as condições do solo são adequadas para o desenvolvimento da regeneração natural nas áreas de<br/>estudo. As variáveis pH, argila e cobertura de copa apresentaram relação com a composição florístico-estrutural<br/>da regeneração natural inicial. Estes indicaram um gradiente de textura e acidez e um gradiente sucessional<br/>entre os locais. Em geral, as espécies arbóreas apresentam associação com locais onde há alta cobertura de<br/>copa e solos de maior acidez e teor de argila. Por outro lado, espécies arbustivas pioneiras predominam em<br/>locais com baixa cobertura de copa e solos menos argilosos e menos ácidos.<br/><br/>Palavras-chave: cobertura de copa, florística, variáveis de solo, gradiente sucessional.
650 ## - ASSUNTO - THESAGRO
Cabeçalho tópico ou nome geográfico COMPOSIÇÃO BOTÂNICA
650 ## - ASSUNTO - THESAGRO
Cabeçalho tópico ou nome geográfico SOLO
650 ## - ASSUNTO - THESAGRO
Cabeçalho tópico ou nome geográfico REGENERAÇÃO NATURAL
650 ## - ASSUNTO - THESAGRO
Cabeçalho tópico ou nome geográfico PINUS TAEDA
773 0# - ENTRADA ANALÍTICA
Host Biblionumber 709
Registro do item 359346
Imprenta Rio de Janeiro-RJ Jardim Botanico do Rio de Janeiro 1935
Outro identificador 2025-7320
Título Rodriguésia (Brazil)
ISSN 0370-6583; 2175-7860 on-line
Colação v. 75 p. 1-11; (2024)
Número de controle de registro BR2025004485
856 ## - ACESSO E ENDEREÇO ELETRÔNICO
Identificador uniforme de recurso - URI https://www.scielo.br/j/rod/a/gyvyWjkm57JYHXmScyhVr9C/?format=pdf&lang=en

Nenhum exemplar disponível.

BINAGRI

Telefone: (61)3218-2567/2388/3357/2097 - binagri@agro.gov.br

Ministério da Agricultura e Pecuária , Esplanada dos Ministérios, Bloco D, Anexo B, Brasília/DF, CEP: 70.043-900